| 000 | 00812nam a22002057a 4500 | ||
|---|---|---|---|
| 001 | BD-DhSAU 5964 | ||
| 003 | BD-DhSAU | ||
| 005 | 20180315182627.0 | ||
| 008 | 150430b2018 bg a|||| |||| 001 0 eng d | ||
| 020 | _a9789849176183 | ||
| 040 | _aBD-DhSAU | ||
| 082 |
_222 _a925.751 _bB4699 |
||
| 100 | _aভূইয়া, মো: শহীদুর রশীদ । | ||
| 245 |
_aবিজ্ঞানের মহানায়ক : ভ্যাভিলভ / _c মো: শহীদুর রশীদ ভূইয়া । |
||
| 260 |
_aঢাকা : _bমুক্তচিন্তা , _c২০১৮. |
||
| 300 |
_a108 পৃ.: _bচিএ ; _c২২ সে. মি. |
||
| 590 | _aকামিম | ||
| 650 | _aবিজ্ঞানী - বংশগতির বিদ্যা । | ||
| 942 |
_2ddc _cBOOK |
||
| 999 |
_c14239 _d14238 |
||